|
|
|
|
| LEADER |
00000nam a2200000 a 4500 |
| 001 |
vtls001273421 |
| 003 |
SK-MaSNL |
| 005 |
20260302032416.0 |
| 008 |
240318s1941 xx 0 und |
| 035 |
|
|
|a SNK000224590
|
| 040 |
|
|
|a SNK
|b slo
|c SNK
|e AACR2
|
| 100 |
1 |
|
|a Gulyás, Pál,
|d 1881-1963
|4 aut
|9 117855
|
| 245 |
1 |
0 |
|a Magyar írók élete és munkái. 3. köt.
|
| 260 |
|
|
|a Budapest
|b Orsz. Széchenyi Könyvtár
|c 1941
|
| 300 |
|
|
|a 1271 s.
|
| 999 |
|
|
|c 1056521
|d 1058451
|
| 952 |
|
|
|t P60, <04>, [BOOK], {604}
|a SNK
|b SNK
|y VYP
|7 0
|p 17A0034196
|o snkIC 5760/3
|0 0
|1 0
|4 0
|d 1997-01-27
|l 0
|r 2005-01-01 00:00:00
|w 2026-02-24
|
| 952 |
|
|
|t P60, <04>, [BOOK], {604}
|a SNK
|b SNK
|y VYP
|7 0
|p 17A0196386
|o snkIC 5760/3
|i snkIII. 1859/48
|0 0
|1 0
|4 0
|d 1999-06-10
|l 0
|r 2005-01-01 00:00:00
|w 2026-02-24
|